00675nam a2200181Ia 4500008004100000041000800041082002100049100002300070245006000093260005200153300000900205500002900214650002400243700003500267906000800302999001700310952016600327230125s9999 xx 000 0 und d aeng a005.754bFAN/REI aFanstill P9111527 aMCAD/MCSD : Visual Basic.net XML web services and sever c2003bShroff publisher and distributorsaMumbai a597p aVisual Basic;XML;.net;VB aComputer Management aFanstill P & Reisman B9111528 b100 c88450d88450 02104070aHIMRbHIMRd2006-03-27eRadient book serviceg500.00i2392o005.754 FAN/REI B05058pHIMR-BK-5058r2023-01-25 00:00:00v400.00w2006-03-25yBKzB05058